000 00906nam a2200253 a 4500
001 BRCA_5380
005 20190320205043.0
008 091210s1988----enka######---#000-0#eng-#
020 _a0905879465
041 _aeng
044 _aenk
050 4 _aN5208.5
_b.M55 1988
245 1 0 _aMiller´s antiques price guide
_b1988 (Volume IX)
_ccompiled and edited by Judith and Martin Miller.
260 _aInglaterra
_bMillers
_c1988
300 _a796 p. (v.9)
_bil.
_c29 cm.
500 _aIncluye índice alfabético, índice anunciantes, directorio de subastadores y directorio de especialistas
500 _aDonación Dr. Héctor Rivero Borrell Vázquez
650 1 4 _aAntigüedades
_vCatálogos
_xSubastas
_913761
650 1 4 _aArte
_vSubastas
_xColeccionistas y colecciones
_913762
700 1 _aMiller, Judith
_eEditora
_913763
700 1 _aMiller, Martin
_eEditor
_913764
902 _aDHR
942 _2lcc
_cB
999 _c5074
_d5074